Sex and germs = Sexo y gérmenes /
Kaydedildi:
| Yazar: | |
|---|---|
| Materyal Türü: | Bilinmiyor |
| Dil: | English |
| Baskı/Yayın Bilgisi: |
Boston :
South End Press,
c1985.
|
| Edisyon: | 1 edición |
| Konular: | |
| Etiketler: |
Etiketle
Etiket eklenmemiş, İlk siz ekleyin!
|
MARC
| LEADER | 000000000a22000000004500 | ||
|---|---|---|---|
| 001 | 014888 | ||
| 020 | |a 0896082598 | ||
| 041 | 0 | |a eng | |
| 082 | 0 | 4 | |a 362.196.979 |b P322p |
| 100 | 1 | |a Patton, Cindy, |d 1956- | |
| 245 | 1 | 0 | |a Sex and germs = |b Sexo y gérmenes / |c Cindy Patton. |
| 246 | 3 | 1 | |a Sexo y gérmenes |
| 250 | |a 1 edición | ||
| 260 | 1 | |a Boston : |b South End Press, |c c1985. | |
| 300 | |a 182 páginas ; |c 23 cm. | ||
| 650 | 4 | |a SIDA | |
| 650 | 4 | |a ASPECTOS POLITICOS | |
| 650 | 4 | |a ESTADOS UNIDOS | |
| 650 | 4 | |a ASPECTOS SOCIALES | |
| 650 | 4 | |a HOMOSEXUALES | |
| 650 | 4 | |a ACTIVIDAD POLITICA | |
| 500 | |a Colección George Yúdice | ||
| 999 | |c 20752 |d 20752 | ||
| 942 | |c BK |h 362.196.979 P322p |2 z | ||



